Future teachers / (Record no. 53357)

MARC details
000 -LEADER
fixed length control field 00653nam a2200241Ia 4500
005 - DATE AND TIME OF LATEST TRANSACTION
control field 20260429112308.0
008 - FIXED-LENGTH DATA ELEMENTS--GENERAL INFORMATION
fixed length control field 260429s9999||||xx |||||||||||||| ||und||
020 ## - INTERNATIONAL STANDARD BOOK NUMBER
International Standard Book Number 9789357514231
041 ## - LANGUAGE CODE
Language English
082 ## - DEWEY DECIMAL CLASSIFICATION NUMBER
Classification number 370.71
Item number SEL
100 ## - MAIN ENTRY--PERSONAL NAME
Personal name Selvam, Panneer S.K.
245 #0 - TITLE STATEMENT
Title Future teachers /
Statement of responsibility, etc Panneer S.K. Selvam
260 ## - PUBLICATION, DISTRIBUTION, ETC. (IMPRINT)
Place of publication, distribution, etc New Delhi :
Name of publisher, distributor, etc Random Publications,
Date of publication, distribution, etc 2025.
300 ## - PHYSICAL DESCRIPTION
Extent x, 274 p.; hb
650 ## - SUBJECT ADDED ENTRY--TOPICAL TERM
Topical term or geographic name as entry element Educational training
650 ## - SUBJECT ADDED ENTRY--TOPICAL TERM
Topical term or geographic name as entry element Pedagogy
650 ## - SUBJECT ADDED ENTRY--TOPICAL TERM
Topical term or geographic name as entry element Teacher development
650 ## - SUBJECT ADDED ENTRY--TOPICAL TERM
Topical term or geographic name as entry element Teaching profession
650 ## - SUBJECT ADDED ENTRY--TOPICAL TERM
Topical term or geographic name as entry element Teacher education
700 ## - ADDED ENTRY--PERSONAL NAME
Personal name Balakrishnan, V.
700 ## - ADDED ENTRY--PERSONAL NAME
Personal name Singh, Jai
942 ## - ADDED ENTRY ELEMENTS (KOHA)
Koha item type Text Books
Holdings
Withdrawn status Lost status Damaged status Not for loan Collection code Home library Location Shelving location Date of Cataloging Source of acquisition Total Checkouts Full call number Barcode Date last seen Price effective from Koha item type
        Non-fiction CUTN Central Library CUTN Central Library Social Sciences 29/04/2026 Kiran Book Centre, Bengaluru - Invoice No. 301/25-26 on 11-02-2026   370.71 SEL 56154 29/04/2026 29/04/2026 Text Books
        Non-fiction CUTN Central Library CUTN Central Library Social Sciences 29/04/2026 Kiran Book Centre, Bengaluru - Invoice No. 301/25-26 on 11-02-2026   370.71 SEL 56155 29/04/2026 29/04/2026 Text Books